[Event "17th Dubai Chess Open"]
[Site "Dubai UAE"]
[Date "2015.04.14"]
[Round "9.24"]
[White "Gupta, Abhijeet"]
[Black "Kanter, Eduard"]
[Result "0-1"]
[WhiteTitle "GM"]
[BlackTitle "IM"]
[WhiteElo "2625"]
[BlackElo "2349"]
[WhiteFideId "5010608"]
[BlackFideId "4103963"]
[EventDate "2015.04.06"]

1. Nf3 Nf6 2. c4 Nc6 3. d4 e6 4. Nc3 Bb4 5. Qc2 d6 6. Bg5 h6 7. Bd2 O-O 8. a3
Bxc3 9. Bxc3 Qe7 10. e3 e5 11. d5 Nb8 12. e4 Nbd7 13. Be2 a5 14. b4 axb4 15.
axb4 Rxa1+ 16. Bxa1 c5 17. dxc6 bxc6 18. O-O c5 19. b5 Bb7 20. Nd2 Ra8 21. Bc3
Nf8 22. Ra1 Rxa1+ 23. Bxa1 Ne6 24. Bd3 Nd4 25. Qa2 Nh5 26. g3 Qg5 27. Bxd4 exd4
28. Bf1 Nf6 29. h4 Qg4 30. Qa7 Qc8 31. Bh3 Qxh3 32. Qxb7 Qd7 33. Qa6 Qd8 34. Qc6
Qa5 35. b6 Qxd2 36. Qc8+ Kh7 37. Qf5+ Kg8 38. b7 Qe1+ 39. Kg2 Qb1 40. Qc8+ Kh7
41. b8=Q Qxe4+ 42. Kf1 Qh1+ 43. Ke2 d3+ 44. Kd2 Qf3 45. Kc1 Ne4 46. h5 d2+ 47.
Kb2 Qc3+ 48. Ka2 Qa5+ 49. Kb2 Qc3+ 50. Ka2 Qxc4+ 51. Ka3 Qd3+ 52. Kb2 Qd4+ 53.
Ka2 Nc3+ 54. Kb2 Nb5+ 55. Ka2 Qc4+ 0-1

[Event "17th Dubai Chess Open"]
[Site "Dubai UAE"]
[Date "2015.04.14"]
[Round "9.26"]
[White "Georgiadis, Nico"]
[Black "Visakh, NR"]
[Result "1-0"]
[WhiteTitle "IM"]
[WhiteElo "2468"]
[BlackElo "2389"]
[WhiteFideId "1300113"]
[BlackFideId "25012223"]
[EventDate "2015.04.06"]

1. e4 c5 2. Nf3 d6 3. d4 cxd4 4. Nxd4 Nf6 5. Nc3 a6 6. Qd3 Nbd7 7. Be2 g6 8. Bg5
Bg7 9. O-O-O O-O 10. f4 Re8 11. Qg3 Qa5 12. Kb1 Nc5 13. Bf3 Be6 14. Rhe1 Rac8
15. e5 dxe5 16. fxe5 Nfd7 17. Nxe6 fxe6 18. h4 Nb6 19. Rd4 Nca4 20. Nxa4 Nxa4
21. Bg4 Rc6 22. Bd2 Qc5 23. Qd3 b5 24. Bb4 Qb6 25. Bxe7 Bxe5 26. Rxe5 Rxe7 27.
h5 Rc4 28. c3 Rxd4 29. cxd4 Qd6 30. hxg6 h6 31. a3 Nb6 32. Qe2 Kg7 33. Rxe6 Rxe6
34. Qxe6 Qxe6 35. Bxe6 Kxg6 36. Kc2 Kf6 37. Bg8 Kf5 38. Kd3 Kf4 39. Be6 h5 40.
b3 a5 41. Bf7 h4 42. Be8 b4 43. axb4 axb4 44. Bc6 Nc8 45. Kc4 Ne7 46. Kc5 Nf5
47. Bd7 Ne3 48. Bh3 Ke4 49. Bc8 Kf4 50. Bb7 Nf5 51. Bc6 Kg5 52. d5 Kf6 53. Bd7
Ne3 54. Bh3 Ke7 55. d6+ Kd8 56. Kxb4 Nd5+ 57. Kc5 Nc3 58. b4 Ne4+ 59. Kc6 Nd2
60. Be6 1-0

[Event "17th Dubai Chess Open"]
[Site "Dubai UAE"]
[Date "2015.04.14"]
[Round "9.27"]
[White "Sagar, Shah"]
[Black "Mammadzada, Gunay"]
[Result "0-1"]
[WhiteTitle "IM"]
[BlackTitle "WGM"]
[WhiteElo "2458"]
[BlackElo "2336"]
[WhiteFideId "5022509"]
[BlackFideId "13403729"]
[EventDate "2015.04.06"]

1. c4 c5 2. g3 g6 3. Bg2 Bg7 4. Nc3 Nc6 5. Nf3 d6 6. O-O e6 7. e3 Nge7 8. d4 O-O
9. d5 Na5 10. Nd2 Rb8 11. Qc2 a6 12. b3 b5 13. Bb2 bxc4 14. bxc4 exd5 15. cxd5
Bf5 16. e4 Nxd5 17. exf5 Rxb2 18. Qxb2 Nxc3 19. Nb3 Nxb3 20. axb3 Nb5 21. Qd2
Bxa1 22. Rxa1 Qf6 23. Rxa6 Qxf5 24. Bd5 Nd4 25. Rxd6 Qe5 26. Rd7 Qe8 27. Rc7 Qd8
28. Rxf7 Qxd5 29. Rxf8+ Kxf8 30. Qf4+ Qf7 31. Qb8+ Qe8 32. Qf4+ Kg8 33. Qd6 Nxb3
34. h4 c4 35. h5 Qe1+ 36. Kg2 Qe4+ 37. Kg1 gxh5 38. Qd8+ Kf7 39. Qd7+ Kg6 40.
Qd6+ Kf5 41. Qd7+ Kf6 42. Qd8+ Ke6 43. Qe8+ Kd5 44. Qxh5+ Kd4 45. Qd1+ Kc3 46.
Kh2 Kb2 0-1

[Event "17th Dubai Chess Open"]
[Site "Dubai UAE"]
[Date "2015.04.14"]
[Round "9.28"]
[White "Pascua, Haridas"]
[Black "Deshpande, Aniruddha"]
[Result "0-1"]
[WhiteTitle "IM"]
[WhiteElo "2423"]
[BlackElo "2232"]
[WhiteFideId "5203953"]
[BlackFideId "5021774"]
[EventDate "2015.04.06"]

1. d4 d5 2. c4 e6 3. Nf3 c6 4. Nc3 dxc4 5. a4 Bb4 6. e3 b5 7. Bd2 a5 8. axb5
Bxc3 9. Bxc3 cxb5 10. b3 Bb7 11. bxc4 b4 12. Bb2 Nf6 13. Bd3 O-O 14. O-O Nbd7
15. Nd2 Qe7 16. f4 Nb6 17. e4 a4 18. d5 exd5 19. Bxf6 Qxf6 20. e5 Qe7 21. Nf3 h6
22. cxd5 Nxd5 23. f5 Ne3 24. Qc1 Nxf1 25. f6 Qd8 26. fxg7 Kxg7 27. Qxf1 Bxf3 28.
gxf3 Qd4+ 29. Kh1 Qxe5 30. Qg1+ Kh8 31. Re1 Qf6 32. Qg4 Rae8 0-1

[Event "17th Dubai Chess Open"]
[Site "Dubai UAE"]
[Date "2015.04.14"]
[Round "9.29"]
[White "Abhishek, Kelkar"]
[Black "Abdelnabbi, Imed"]
[Result "1/2-1/2"]
[BlackTitle "IM"]
[WhiteElo "2343"]
[BlackElo "2433"]
[WhiteFideId "5019257"]
[BlackFideId "10600035"]
[EventDate "2015.04.06"]

1. d4 Nf6 2. Nf3 g6 3. c4 c5 4. d5 b5 5. cxb5 a6 6. bxa6 Bg7 7. Nc3 Bxa6 8. g3
d6 9. Bg2 Nbd7 10. Rb1 Nb6 11. b3 O-O 12. O-O Ra7 13. Ne1 Qa8 14. Nc2 Bb7 15.
Ne3 Ng4 16. Qd3 Nxe3 17. Bxe3 e6 18. b4 Ra3 19. Qb5 Bxc3 20. Qxb6 cxb4 21. Qxd6
Rxa2 22. Bc5 Rd8 23. Qf4 Bxd5 24. Bxd5 Qxd5 25. Bxb4 Bxb4 26. Rxb4 Rxe2 27. Qh6
Re4 28. Rxe4 Qxe4 29. h4 Qf3 30. Qc1 e5 31. Re1 Kg7 32. Qe3 Qxe3 33. Rxe3 Kf6
34. Kg2 Rd4 35. Ra3 Ke6 36. Ra6+ Rd6 37. Ra5 h6 38. Rb5 Rd5 39. Rb6+ Kf5 40. Rb7
Ke6 41. Rb6+ Rd6 42. Rb5 f5 43. Rb8 Kd5 44. Rh8 h5 45. Ra8 Kd4 46. Kf3 Kd3 47.
Ra3+ Kd2 48. Kg2 e4 49. Ra2+ Ke1 50. Ra1+ Rd1 51. Ra2 Rd6 52. Ra1+ Kd2 53. Ra2+
Kd3 54. Ra3+ Kc4 55. Ra4+ Kb5 56. Ra8 Rf6 57. Rc8 Rc6 58. Ra8 Kc5 59. Ra5+ Kc4
60. Ra3 Rf6 61. Ra4+ Kb3 62. Ra5 Kb4 63. Ra8 Rc6 64. Ra7 Kc5 65. Ra5+ Kd4 66.
Ra3 Ke5 67. Ra4 Kf6 68. Ra8 Rb6 69. Kf1 Rb3 70. Ra6+ Kg7 71. Kg2 f4 72. Ra7+ Kh6
73. gxf4 Rf3 74. Rf7 1/2-1/2

[Event "17th Dubai Chess Open"]
[Site "Dubai UAE"]
[Date "2015.04.14"]
[Round "9.30"]
[White "Abdulla, Khayala"]
[Black "Sundararajan, Kidambi"]
[Result "0-1"]
[WhiteTitle "WIM"]
[BlackTitle "GM"]
[WhiteElo "2255"]
[BlackElo "2433"]
[WhiteFideId "13401807"]
[BlackFideId "5005370"]
[EventDate "2015.04.06"]

1. e4 c6 2. d4 d5 3. Nc3 dxe4 4. Nxe4 Nd7 5. Nf3 Ngf6 6. Ng3 e6 7. Bd3 c5 8. c3
Be7 9. O-O O-O 10. Qe2 b6 11. Ne5 Bb7 12. Nxd7 Qxd7 13. Be3 Rad8 14. Bb5 Qd5 15.
f3 cxd4 16. Bxd4 Bc5 17. Bxc5 Qxc5+ 18. Kh1 h5 19. Bd3 h4 20. Ne4 Bxe4 21. Bxe4
g6 22. Rad1 Kg7 23. Bc2 Nh5 24. f4 Rxd1 25. Qxd1 Rh8 26. g4 hxg3 27. h3 Nf6 28.
Kg2 Nd5 0-1

[Event "17th Dubai Chess Open"]
[Site "Dubai UAE"]
[Date "2015.04.14"]
[Round "9.31"]
[White "Vignesh, NR"]
[Black "Kulkarni, Rakesh"]
[Result "1/2-1/2"]
[WhiteElo "2365"]
[BlackElo "2282"]
[WhiteFideId "25012215"]
[BlackFideId "5037077"]
[EventDate "2015.04.06"]

1. e4 c5 2. Nf3 e6 3. d4 cxd4 4. Nxd4 a6 5. c4 Nf6 6. Nc3 Bb4 7. Qd3 Qc7 8. Be2
Nc6 9. Nxc6 dxc6 10. a3 Be7 11. O-O e5 12. Qg3 O-O 13. Bh6 Ne8 14. Be3 Be6 15.
f3 Nf6 16. Qf2 Nd7 17. Rfc1 g6 18. Nd5 Qd8 19. Rd1 Bg5 20. Bxg5 Qxg5 21. Nc7
Rad8 22. Nxe6 fxe6 23. Rd3 Qe7 24. Rad1 Nf6 25. Rxd8 Rxd8 26. Rxd8+ Qxd8 27. Qe3
Qd4 28. Qxd4 exd4 29. c5 a5 30. Kf2 e5 31. b4 axb4 32. axb4 1/2-1/2

[Event "17th Dubai Chess Open"]
[Site "Dubai UAE"]
[Date "2015.04.14"]
[Round "9.32"]
[White "Siva, Mahadevan"]
[Black "Tissir, Mohamed"]
[Result "1/2-1/2"]
[BlackTitle "IM"]
[WhiteElo "2097"]
[BlackElo "2359"]
[WhiteFideId "25043153"]
[BlackFideId "9000240"]
[EventDate "2015.04.06"]

1. e4 d6 2. d4 Nf6 3. Nc3 c6 4. f4 Qa5 5. Bd3 e5 6. Nf3 Bg4 7. Be3 Nbd7 8. Qd2
Be7 9. O-O Bxf3 10. Rxf3 Bd8 11. Kh1 Bb6 12. dxe5 Bxe3 13. Qxe3 dxe5 14. fxe5
Nxe5 15. Rf5 Nfd7 16. Qg5 g6 17. Nd5 cxd5 18. Rxe5+ Nxe5 19. Qxe5+ Kd7 20. Rd1
Rad8 21. Be2 Kc8 22. Bg4+ f5 23. exf5 h5 24. Rd3 Rhe8 25. Rc3+ Kd7 26. Qg7+ Kd6
27. Qxg6+ Kd7 28. Qg7+ Kd6 29. Qf6+ Kd7 30. Qf7+ Kd6 31. Qf6+ 1/2-1/2

[Event "17th Dubai Chess Open"]
[Site "Dubai UAE"]
[Date "2015.04.14"]
[Round "9.33"]
[White "Videnova, Iva"]
[Black "Mammadova, Narmin"]
[Result "1-0"]
[WhiteTitle "IM"]
[BlackTitle "WCM"]
[WhiteElo "2398"]
[BlackElo "2176"]
[WhiteFideId "2907763"]
[BlackFideId "13403710"]
[EventDate "2015.04.06"]

1. e4 e6 2. d4 d5 3. Nc3 Nf6 4. e5 Nfd7 5. f4 c5 6. Nf3 Nc6 7. Be3 Qb6 8. Na4
Qa5+ 9. c3 b6 10. Bd2 c4 11. b4 Nxb4 12. cxb4 Bxb4 13. Qc2 Bxd2+ 14. Nxd2 b5 15.
Nc3 b4 16. Nce4 dxe4 17. Nxc4 b3+ 18. Qd2 Qxd2+ 19. Kxd2 O-O 20. axb3 Bb7 21.
Nd6 Bd5 22. Bc4 Nb6 23. Ra6 f6 24. Ke3 fxe5 25. fxe5 Rab8 26. Rd1 Nxc4+ 27. bxc4
Rb3+ 28. Ke2 e3 29. Rd3 Rb2+ 30. Kxe3 Bxg2 31. d5 exd5 32. e6 dxc4 33. Rd1 Bf3
34. Re1 Bh5 35. e7 Rfb8 36. Kd4 Rxh2 37. Rxa7 h6 38. Rd7 Rb4 39. Rg1 g5 40. Rf1
c3+ 41. Kc5 Rf4 42. Ra1 c2 43. Ra8+ Be8 44. Rxe8+ Kg7 45. Rg8+ Kf6 46. Rf8+ 1-0

[Event "17th Dubai Chess Open"]
[Site "Dubai UAE"]
[Date "2015.04.14"]
[Round "9.34"]
[White "Yousry, Salah"]
[Black "Mona, Khaled"]
[Result "1-0"]
[WhiteTitle "FM"]
[BlackTitle "WGM"]
[WhiteElo "2304"]
[BlackElo "2125"]
[WhiteFideId "10601120"]
[BlackFideId "10605908"]
[EventDate "2015.04.06"]

1. e4 e5 2. Nf3 Nc6 3. Nc3 Bc5 4. a3 d6 5. Na4 Bb6 6. Nxb6 axb6 7. Bc4 Nf6 8. d3
Be6 9. Bb5 O-O 10. Bg5 Na7 11. Bc4 Bxc4 12. dxc4 Qe7 13. Nh4 Qe6 14. Bxf6 Qxf6
15. Nf5 Nc6 16. O-O Ne7 17. Ne3 Qg6 18. Qd3 Qg5 19. Rae1 Ra5 20. Kh1 f5 21. exf5
Nxf5 22. Nd5 Nh4 23. Qh3 Qd8 24. Nxc7 Qxc7 25. Qxh4 Rf4 26. Qh3 Qxc4 27. Qd7 Qc6
28. Qe6+ Kh8 29. Re3 Rf8 30. Rd3 Qxc2 31. Qxd6 Raa8 32. Rd2 Qc5 33. Qxc5 bxc5
34. Rd5 Rad8 35. Rfd1 Rde8 36. Kg1 b6 37. Rd6 Rf6 38. Rxf6 gxf6 39. Rd6 Kg7 40.
Rxb6 Rc8 41. Rb3 c4 42. Rc3 Rb8 43. Rc2 Rb3 44. f4 exf4 45. Rxc4 Rxb2 46. Rxf4
Ra2 47. Rf3 Kg6 48. h3 Kg7 49. Kh2 Kg6 50. Kg3 Kf7 51. Rb3 Kf8 52. Kf3 Kf7 53.
g3 Kg6 54. Ke4 h5 55. Kd4 h4 56. gxh4 Kh5 57. Kc5 Rf2 58. a4 f5 59. a5 f4 60. a6
f3 61. Kb6 Kxh4 62. a7 Ra2 63. Rxf3 Rb2+ 64. Ka6 Ra2+ 65. Kb7 Rb2+ 66. Ka8 Rb4 1-0

[Event "17th Dubai Chess Open"]
[Site "Dubai UAE"]
[Date "2015.04.14"]
[Round "9.36"]
[White "Rajarishi, Karthi"]
[Black "Kathmale, Sameer"]
[Result "1-0"]
[BlackTitle "IM"]
[WhiteElo "2055"]
[BlackElo "2322"]
[WhiteFideId "5092523"]
[BlackFideId "5024498"]
[EventDate "2015.04.06"]

1. d4 Nf6 2. c4 e6 3. Nc3 Bb4 4. f3 d5 5. a3 Be7 6. e3 O-O 7. Bd3 c5 8. Nge2
dxc4 9. Bxc4 Nc6 10. O-O cxd4 11. exd4 Nd5 12. Bxd5 exd5 13. Qb3 Be6 14. Qxb7
Na5 15. Qb5 Rb8 16. Qd3 Nb3 17. Rb1 Qd7 18. Ng3 h5 19. Bf4 h4 20. Bxb8 Rxb8 21.
Nh5 Bg5 22. Rbe1 Bf5 23. Qe2 f6 24. Qe7 Rb7 25. Nxg7 Bd3 26. Qxd7 Rxd7 27. Ne8
Kf7 28. f4 Bh6 29. Rf3 Bc4 30. Rh3 Bf8 31. Rxh4 Be7 32. Nd6+ Rxd6 33. Rh7+ Kg6
34. Rexe7 Kf5 35. Rh5+ Kg4 36. Reh7 Nxd4 37. Kf2 1-0

[Event "17th Dubai Chess Open"]
[Site "Dubai UAE"]
[Date "2015.04.14"]
[Round "9.37"]
[White "Berglind, Axel"]
[Black "Maisuradze, Nino"]
[Result "1-0"]
[BlackTitle "WGM"]
[WhiteElo "2081"]
[BlackElo "2302"]
[WhiteFideId "1720228"]
[BlackFideId "13601717"]
[EventDate "2015.04.06"]

1. c4 e5 2. Nc3 Nc6 3. g3 g6 4. Bg2 Bg7 5. e3 d6 6. Nge2 Be6 7. Nd5 Qd7 8. O-O
Nd8 9. e4 c6 10. Ne3 Ne7 11. d4 O-O 12. f4 Qc8 13. c5 dxc5 14. dxe5 f5 15. exf6
Bxf6 16. e5 Bg7 17. Qd6 Nf5 18. Qxc5 Nf7 19. Nxf5 Bxf5 20. Be3 Bh3 21. Rfd1 Nh6
22. Nc3 Qg4 23. Rd2 Nf5 24. Bxh3 Qxh3 25. Ne4 b6 26. Qc4+ Kh8 27. Qe2 Rae8 28.
Ng5 Qh6 29. Rd7 Re7 30. Rad1 Nxe3 31. Rxe7 Nxd1 32. Nf7+ Rxf7 33. Rxf7 Kg8 34.
Rd7 Nf2 35. Qxf2 Qh3 36. Qd4 Bf8 37. Rd8 Qf5 38. Qd3 Qh5 39. Qd6 Qf5 40. Qf6
Qxf6 41. exf6 Kf7 42. Kg2 Bc5 43. Rd7+ Kxf6 44. Rxa7 Bd4 45. Rxh7 Bxb2 46. Rc7 1-0

[Event "17th Dubai Chess Open"]
[Site "Dubai UAE"]
[Date "2015.04.14"]
[Round "9.38"]
[White "Bit-Narva, David"]
[Black "Mamedjarova, Zeinab"]
[Result "1-0"]
[BlackTitle "WGM"]
[WhiteElo "2117"]
[BlackElo "2303"]
[WhiteFideId "24128856"]
[BlackFideId "13401521"]
[EventDate "2015.04.06"]

1. e4 e5 2. Nf3 d6 3. d4 Nd7 4. Nc3 Ngf6 5. g4 h6 6. Bc4 exd4 7. Qxd4 Nxg4 8.
Bf4 Nb6 9. Bb3 c5 10. Qd2 c4 11. Ba4+ Nxa4 12. Nxa4 Qf6 13. Nd4 g5 14. Bg3 Bg7
15. O-O-O O-O 16. Nc3 Ne5 17. f4 Nd3+ 18. cxd3 Qxd4 19. fxg5 h5 20. dxc4 Qxc4
21. Qd5 Qxd5 22. Nxd5 Bg4 23. Rdf1 Kh7 24. Nf6+ Kg6 25. h4 Rfc8+ 26. Kd2 Be6 27.
b3 Rc5 28. Rc1 Ra5 29. Rc2 Rd8 30. Rf1 b6 31. Ke3 Rb5 32. Rd1 Bf8 33. Nd5 Bg4
34. Rf1 Re8 35. Nc7 Rc8 36. Rfc1 Rb4 37. Be1 Rxe4+ 38. Kxe4 Bf5+ 39. Kf3 d5 40.
Rc6+ Kg7 41. Nxd5 Rd8 42. Bc3+ Kh7 43. Nf6+ Kh8 44. Nxh5+ Kg8 45. Nf6+ Kh8 46.
Kf4 Bd3 47. Nd7+ Kg8 48. Nxf8 1-0

[Event "17th Dubai Chess Open"]
[Site "Dubai UAE"]
[Date "2015.04.14"]
[Round "9.39"]
[White "Kuznetsov, Mikhail V."]
[Black "Mohammed, Tarig Elther"]
[Result "1/2-1/2"]
[WhiteElo "2260"]
[BlackElo "2094"]
[WhiteFideId "4194900"]
[BlackFideId "12200964"]
[EventDate "2015.04.06"]

1. d4 d5 2. Nf3 Nf6 3. c4 c6 4. cxd5 cxd5 5. Nc3 e6 6. Bf4 Bd6 7. Bxd6 Qxd6 8.
e3 O-O 9. Ne5 a6 10. Bd3 Bd7 11. O-O Be8 12. f4 Nfd7 13. Qb3 b5 14. Qc2 f5 15.
Rac1 Ra7 16. g4 g6 17. Ne2 Nb6 18. b3 N8d7 19. g5 Nxe5 20. dxe5 Qb8 21. Nd4 Bd7
22. Qc5 Kf7 23. Kf2 Rc8 24. Qa3 Rac7 25. Rxc7 Qxc7 26. Qa5 Qb7 27. h4 Be8 28.
Qa3 Rc3 29. Ke2 Nd7 30. Nxe6 Kxe6 31. Qd6+ Kf7 32. e6+ Kg8 33. exd7 Bxd7 34. h5
Qc6 35. Qe5 d4 36. h6 Kf8 37. Qh8+ Ke7 38. Qxh7+ Kd8 39. Qh8+ Kc7 40. Qxd4 b4
41. h7 Qg2+ 42. Rf2 Qg4+ 43. Kd2 Qg1 44. Rf1 Qh2+ 45. Be2 Bb5 46. Qe5+ Kb6 47.
Qd4+ Kc7 48. Qe5+ Kb6 49. Qe6+ Ka5 50. Re1 Bxe2 51. Rxe2 Rc2+ 52. Kxc2 Qxe2+ 53.
Kc1 Qe1+ 54. Kc2 1/2-1/2

[Event "17th Dubai Chess Open"]
[Site "Dubai UAE"]
[Date "2015.04.14"]
[Round "9.40"]
[White "Sultan, Ibrahim"]
[Black "Mohannad, Farhan"]
[Result "0-1"]
[WhiteTitle "FM"]
[BlackTitle "FM"]
[WhiteElo "2038"]
[BlackElo "2221"]
[WhiteFideId "9301143"]
[BlackFideId "8100918"]
[EventDate "2015.04.06"]

1. d4 Nf6 2. c4 g6 3. Nc3 Bg7 4. e4 d6 5. f3 O-O 6. Be3 Nbd7 7. Nh3 e5 8. d5 a5
9. Nf2 Nh5 10. Qd2 f5 11. Bg5 Bf6 12. Bxf6 Ndxf6 13. exf5 gxf5 14. O-O-O Kh8 15.
g3 Bd7 16. Bd3 c6 17. Bxf5 Bxf5 18. g4 cxd5 19. cxd5 Bg6 20. gxh5 Bxh5 21. Qe2
Qd7 22. Rhg1 Qf5 23. Ng4 Rac8 24. Nh6 Qf4+ 25. Qd2 Nxd5 26. Kb1 Nxc3+ 27. bxc3
Qxd2 28. Rxd2 Rf6 29. Ng4 Rxf3 30. Rxd6 Rg8 31. h3 Rxh3 32. Rd7 Bxg4 0-1